Subjective equilibrium theory of the farm household

محفوظ في:
التفاصيل البيبلوغرافية
المؤلف الرئيسي: Nakajima, Chihiro
التنسيق: كتاب
اللغة:Undetermined
منشور في: Amsterdam Elsevier 1986
الموضوعات:
الوسوم: إضافة وسم
لا توجد وسوم, كن أول من يضع وسما على هذه التسجيلة!
Thư viện lưu trữ: Trung tâm Học liệu Trường Đại học Cần Thơ
LEADER 00592nam a2200205Ia 4500
001 CTU_107943
008 210402s9999 xx 000 0 und d
082 |a 338.1 
082 |b N163 
100 |a Nakajima, Chihiro 
245 0 |a Subjective equilibrium theory of the farm household 
245 0 |c Chihiro Nakajima 
260 |a Amsterdam 
260 |b Elsevier 
260 |c 1986 
650 |a Agriculture,Farms, small,Equilibrium (economics) 
650 |x Economic aspects 
650 |z Japan,Japan 
904 |i Quang Hiếu 
980 |a Trung tâm Học liệu Trường Đại học Cần Thơ